| Record ID | marc_openlibraries_phillipsacademy/PANO_FOR_IA_05072019.mrc:36869673:946 |
| Source | marc_openlibraries_phillipsacademy |
| Download Link | /show-records/marc_openlibraries_phillipsacademy/PANO_FOR_IA_05072019.mrc:36869673:946?format=raw |
LEADER: 00946cam a2200289 4500
001 2213830
003 NOBLE
005 19950824101017.0
008 940606s1994 nyu 000 0 eng
010 $a94167788 //r94
020 $a0140187421 (pbk.) :
035 $a(OCoLC)31012014
040 $aDLC$cDLC
049 $aPANA
050 00 $aPS3537.T3234$bB8 1994
082 00 $a812/.52$220
092 $a812$bSt34b
100 1 $aSteinbeck, John,$d1902-1968.
245 10 $aBurning bright :$ba play in story form /$cJohn Steinbeck.
260 $aNew York, N.Y. :$bPenguin Books,$c1994.
300 $axiii, 93 p. ;$c20 cm.
440 0 $aPenguin twentieth-century classics
902 $a120229
919 4 $a31867000932090
998 $b2$c031207$d3$e1$f-$g0
901 $ab22138304$bIII$c2213830$tbiblio
852 4 $agaaagpl$bPANO$bPANO$cStacks 3 (in Storage)$j812 ST34B$gbook$p31867000932090$y8.95$t1$xnonreference$xholdable$xcirculating$xvisible$zAvailable